Jennie - twin (Lyrics) - Statistics

General Stats
  • This quiz has been taken 81 times
  • The average score is 224 of 303
Answer Stats
Lyrics % Correct
a
98%
I
98%
I,
98%
I'm
93%
like
93%
Like
93%
Twin,
93%
twin,
93%
twin
93%
It's
91%
letter
91%
letter,
91%
so,
91%
so
91%
writing
91%
And
89%
and
89%
But
89%
but
89%
song
89%
you
89%
You
89%
We
85%
we
85%
in
83%
In
83%
the
83%
on
78%
friend
76%
to
74%
beach,
72%
me?
70%
me,
70%
my
70%
put
70%
were
70%
young
70%
Can
67%
didn't
67%
just
67%
know
67%
still
67%
when
67%
When
67%
of
65%
apart
63%
leave
63%
long
63%
too
63%
ya,
63%
ya
63%
been
61%
bottle
61%
gone
61%
innocent,
61%
I've
61%
see
61%
yeah,
61%
yeah
61%
drifted
59%
Heineken
59%
Ashanti,
57%
bumping
57%
ten
57%
years
57%
'Cause
54%
get
54%
older,
54%
with
54%
hold
52%
knew
52%
make
52%
right
50%
will
50%
all
48%
along
48%
that
48%
things
48%
up,
48%
your
46%
Atlantic
43%
bear
43%
feel
41%
under
41%
whim
41%
Do
39%
flame
39%
both
37%
Swim,
37%
swim,
37%
was
37%
wrong
37%
fuel
35%
stars
35%
white
35%
clouds
33%
keep
33%
lost
33%
colliding
30%
fighting
30%
name
30%
songs
30%
stay
30%
tightly
30%
timing,
30%
timing
30%
wasn't
30%
couldn't
28%
way?
28%
Wen
28%
heartbeat
26%
blamed
22%
Guess
20%
Man,
17%
twelve-ounce
17%
numb
0%
No matching quizzes found
Score Distribution
Percent of People with Each Score
Percentile by Number Answered
Your Score History
You have not taken this quiz